000 01207cam a2200217 4500
001 ##L134416
008 060803n2006 000 0 eng u
035 _a(Sirsi) u134416
041 0 _aeng
050 0 4 _a333.72 $2 18
110 2 _aSustainable Development Commission
_94213
245 0 0 _aStock take
_bdelivering improvements in existing housing
260 _aLondon
_bSDC
_c2006
520 _aExamines the potential for significantly improved resource efficiency in the existing stock of 21m homes in the UK. Presents the findings of an analysis of the technical improvements that could be made in existing homes to minimise resource use. Aims to inform policy makers of ways in which policy decisions could help accelerate the installations of those technical measures. Advises how the Sustainable and Secure Buildings Act 2004 might be used to deliver these improvements.
590 _aIKA010806 NTK
650 2 4 _aSUSTAINABLE AND SECURE BUILDINGS ACT 2004
651 4 _aUnited Kingdom
_y
690 _aBUILT ENVIRONMENT-SUSTAINABLE CONSTRUCTION
856 4 0 _uhttps://www.sd-commission.org.uk/publications.php?id=400
_zView the report free of charge at www.sd-commission.org.uk...
942 _n0
999 _c105668
_d105668